000
00314nam a2200133Ia 4500
005
20260326235453.0
008
260326s9999||||xx |||||||||||||| ||und||
100
_a
Grube, Ernst J.
245
4
_a
The World of Islam /
_c
Ernst J. Grube
260
_b
Hamlyn
300
_a
176 p.
650
_a
ARQUITECTURA
942
_c
BK
999
_c
7838
_d
7838